The colonizer and the colonized (Record no. 405394)
[ view plain ]
| 000 -LEADER | |
|---|---|
| fixed length control field | 00274nam a2200097Ia 4500 |
| 082 ## - DEWEY DECIMAL CLASSIFICATION NUMBER | |
| Classification number | 325.3 MEMM |
| 008 - FIXED-LENGTH DATA ELEMENTS--GENERAL INFORMATION | |
| fixed length control field | 210817s9999 xx 000 0 und d |
| 100 ## - MAIN ENTRY--PERSONAL NAME | |
| Personal name | MEMMI, Albert London, 2003 [3rd ed.] |
| 9 (RLIN) | 96474 |
| 245 #0 - TITLE STATEMENT | |
| Title | The colonizer and the colonized |
| 942 ## - ADDED ENTRY ELEMENTS | |
| item type | Books |
No items available.